[Event "Deutsche Ländermeisterschaft 2025"]
[Site "Oer-Erkenschwick GER"]
[Date "2025.10.02"]
[Round "3"]
[White "Benitez Villalba, Amaia Beatriz"]
[Black "Göb, Franziska"]
[Result "0-1"]
[Termination "normal"]
[Board "5.8"]
[WhiteElo "1015"]
[BlackElo "1683"]
[WhiteClock "00:44:16"]
[BlackClock "00:12:35"]
[WhiteTeam "Niedersachsen"]
[BlackTeam "Nordrhein-Westfalen 2"]
[PlyCount "100"]
[WhiteFideId "3714802"]
[BlackFideId "16293177"]
[EventCountry "GER"]
[EventRounds "7"]
[EventType "team-swiss"]
[EventDate "2025.09.30"]

1. d4 {[%clk 01:30:59]} d5 {[%clk 01:30:55]} {[%emt 00:00:05]} 2. Nf3 {[%clk
01:31:02]} {[%emt 00:00:27]} Nf6 {[%clk 01:31:12]} {[%emt 00:00:13]} 3. e3
{[%clk 01:30:45]} {[%emt 00:00:47]} a6 {[%clk 01:30:43]} {[%emt 00:00:58]} 4.
Bd3 {[%clk 01:30:45]} {[%emt 00:00:29]} e6 {[%clk 01:30:02]} {[%emt 00:01:12]}
5. Nbd2 {[%clk 01:30:37]} {[%emt 00:00:38]} Be7 {[%clk 01:29:47]} {[%emt
00:00:45]} 6. O-O {[%clk 01:29:57]} {[%emt 00:01:09]} O-O {[%clk 01:29:16]}
{[%emt 00:01:01]} 7. Qe2 {[%clk 01:29:40]} {[%emt 00:00:46]} c5 {[%clk
01:27:12]} {[%emt 00:02:36]} 8. c3 {[%clk 01:29:29]} {[%emt 00:00:40]} Nbd7
{[%clk 01:21:02]} {[%emt 00:06:40]} 9. e4 {[%clk 01:27:52]} {[%emt 00:02:06]}
dxe4 {[%clk 01:17:08]} {[%emt 00:04:25]} 10. Nxe4 {[%clk 01:27:48]} {[%emt
00:00:35]} b5 {[%clk 01:05:21]} {[%emt 00:12:17]} 11. Bg5 {[%clk 01:21:22]}
{[%emt 00:06:56]} Bb7 {[%clk 00:52:09]} {[%emt 00:13:42]} 12. Rad1 {[%clk
01:12:13]} {[%emt 00:09:38]} c4 {[%clk 00:44:28]} {[%emt 00:08:12]} 13. Bc2
{[%clk 01:10:35]} {[%emt 00:02:06]} Nd5 {[%clk 00:38:25]} {[%emt 00:06:34]} 14.
Bxe7 {[%clk 01:05:39]} {[%emt 00:05:25]} Qxe7 {[%clk 00:36:48]} {[%emt
00:02:08]} 15. Rfe1 {[%clk 01:03:13]} {[%emt 00:02:53]} Rac8 {[%clk 00:35:07]}
{[%emt 00:02:13]} 16. Neg5 {[%clk 01:01:03]} {[%emt 00:02:36]} h6 {[%clk
00:31:42]} {[%emt 00:03:59]} 17. Ne4 {[%clk 00:59:26]} {[%emt 00:02:06]} N5f6
{[%clk 00:28:29]} {[%emt 00:03:45]} 18. Ne5 {[%clk 00:55:02]} {[%emt 00:04:51]}
Ba8 {[%clk 00:21:41]} {[%emt 00:07:20]} 19. Nxd7 {[%clk 00:54:24]} {[%emt
00:01:08]} Nxd7 {[%clk 00:20:31]} {[%emt 00:01:40]} 20. Qg4 {[%clk 00:52:38]}
{[%emt 00:02:12]} f5 {[%clk 00:15:58]} {[%emt 00:05:06]} 21. Qg3 {[%clk
00:50:29]} {[%emt 00:02:30]} fxe4 {[%clk 00:16:04]} {[%emt 00:00:33]} 22. Bxe4
{[%clk 00:50:31]} {[%emt 00:00:29]} Bxe4 {[%clk 00:16:25]} {[%emt 00:00:10]}
23. Rxe4 {[%clk 00:50:43]} {[%emt 00:00:18]} Nf6 {[%clk 00:15:26]} {[%emt
00:01:28]} 24. Rh4 {[%clk 00:49:00]} {[%emt 00:01:43]} Kh7 {[%clk 00:14:03]}
{[%emt 00:02:23]} 25. Re1 {[%clk 00:47:57]} {[%emt 00:01:31]} Qf7 {[%clk
00:12:27]} {[%emt 00:02:08]} 26. Re3 {[%clk 00:47:19]} {[%emt 00:00:55]} Nh5
{[%clk 00:10:23]} {[%emt 00:02:47]} 27. Qf3 {[%clk 00:46:37]} {[%emt 00:01:10]}
Qxf3 {[%clk 00:10:32]} {[%emt 00:00:23]} 28. Rxf3 {[%clk 00:46:48]} {[%emt
00:00:20]} Rxf3 {[%clk 00:10:56]} {[%emt 00:00:06]} 29. gxf3 {[%clk 00:47:11]}
{[%emt 00:00:06]} Nf6 {[%clk 00:11:15]} {[%emt 00:00:10]} 30. Kg2 {[%clk
00:47:07]} {[%emt 00:00:34]} Kg6 {[%clk 00:11:28]} {[%emt 00:00:18]} 31. Kg3
{[%clk 00:46:29]} {[%emt 00:01:01]} a5 {[%clk 00:10:48]} {[%emt 00:01:17]} 32.
a3 {[%clk 00:46:17]} {[%emt 00:00:42]} Rb8 {[%clk 00:11:05]} {[%emt 00:00:13]}
33. Kf4 {[%clk 00:45:25]} {[%emt 00:01:18]} b4 {[%clk 00:10:53]} {[%emt
00:00:46]} 34. axb4 {[%clk 00:45:26]} {[%emt 00:00:30]} axb4 {[%clk 00:11:19]}
{[%emt 00:00:04]} 35. Ke5 {[%clk 00:45:23]} {[%emt 00:00:27]} Kf7 {[%clk
00:11:18]} {[%emt 00:00:36]} 36. Kd6 {[%clk 00:44:20]} {[%emt 00:01:33]} bxc3
{[%clk 00:11:13]} {[%emt 00:00:36]} 37. bxc3 {[%clk 00:44:41]} {[%emt
00:00:09]} Rb3 {[%clk 00:11:28]} {[%emt 00:00:15]} 38. Kc5 {[%clk 00:44:32]}
{[%emt 00:00:38]} Rxc3 {[%clk 00:11:44]} {[%emt 00:00:14]} 39. f4 {[%clk
00:43:52]} {[%emt 00:01:10]} Rc1 {[%clk 00:10:35]} {[%emt 00:01:39]} 40. f3
{[%clk 00:42:44]} {[%emt 00:01:38]} c3 {[%clk 00:10:55]} {[%emt 00:00:10]} 41.
Kc4 {[%clk 00:42:51]} {[%emt 00:00:23]} Rf1 {[%clk 00:10:26]} {[%emt 00:00:58]}
42. Rh3 {[%clk 00:42:46]} {[%emt 00:00:35]} c2 {[%clk 00:10:31]} {[%emt
00:00:26]} 43. Kd3 {[%clk 00:42:46]} {[%emt 00:00:31]} c1=Q {[%clk 00:10:42]}
{[%emt 00:00:19]} 44. Ke2 {[%clk 00:43:03]} {[%emt 00:00:12]} Qd1+ {[%clk
00:10:58]} {[%emt 00:00:14]} 45. Ke3 {[%clk 00:43:18]} {[%emt 00:00:15]} Re1+
{[%clk 00:11:22]} {[%emt 00:00:06]} 46. Kf2 {[%clk 00:43:35]} {[%emt 00:00:12]}
Re2+ {[%clk 00:11:29]} {[%emt 00:00:24]} 47. Kg3 {[%clk 00:43:36]} {[%emt
00:00:29]} Qg1+ {[%clk 00:11:50]} {[%emt 00:00:09]} 48. Kh4 {[%clk 00:43:52]}
{[%emt 00:00:14]} Rg2 {[%clk 00:11:49]} {[%emt 00:00:31]} 49. Rg3 {[%clk
00:44:01]} {[%emt 00:00:22]} Rxh2+ {[%clk 00:12:09]} {[%emt 00:00:10]} 50. Rh3
{[%clk 00:44:16]} {[%emt 00:00:14]} Qf2# {[%clk 00:12:35]} {[%emt 00:00:04]}
0-1

[Event "Deutsche Ländermeisterschaft 2025"]
[Site "Oer-Erkenschwick GER"]
[Date "2025.10.02"]
[Round "3"]
[White "Matthäi, Jakob"]
[Black "Nunez Grégoire, Daniel"]
[Result "0-1"]
[Termination "normal"]
[Board "6.1"]
[WhiteElo "2163"]
[BlackElo "2245"]
[WhiteClock "00:34:22"]
[BlackClock "00:15:14"]
[WhiteTeam "Sachsen"]
[BlackTeam "Württemberg"]
[PlyCount "120"]
[WhiteFideId "16240421"]
[BlackFideId "34627103"]
[EventCountry "GER"]
[EventRounds "7"]
[EventType "team-swiss"]
[EventDate "2025.09.30"]

1. c4 {[%clk 01:30:58]} {[%emt 00:00:03]} e6 {[%clk 01:30:54]} {[%emt
00:00:05]} 2. g3 {[%clk 01:31:25]} {[%emt 00:00:03]} d5 {[%clk 01:31:19]}
{[%emt 00:00:05]} 3. Bg2 {[%clk 01:31:50]} {[%emt 00:00:05]} Nf6 {[%clk
01:31:42]} {[%emt 00:00:05]} 4. Nf3 {[%clk 01:32:18]} {[%emt 00:00:03]} dxc4
{[%clk 01:31:57]} {[%emt 00:00:15]} 5. Qa4+ {[%clk 01:32:42]} {[%emt 00:00:06]}
c6 {[%clk 01:32:20]} {[%emt 00:00:07]} 6. Qxc4 {[%clk 01:33:06]} {[%emt
00:00:06]} b5 {[%clk 01:32:44]} {[%emt 00:00:04]} 7. Qc2 {[%clk 01:33:31]}
{[%emt 00:00:07]} Bb7 {[%clk 01:33:06]} {[%emt 00:00:08]} 8. d4 {[%clk
01:32:28]} {[%emt 00:01:33]} Nbd7 {[%clk 01:32:01]} {[%emt 00:01:33]} 9. Nc3
{[%clk 01:28:52]} {[%emt 00:04:08]} c5 {[%clk 01:27:24]} {[%emt 00:05:07]} 10.
dxc5 {[%clk 01:26:38]} {[%emt 00:02:44]} Bxc5 {[%clk 01:25:12]} {[%emt
00:02:41]} 11. O-O {[%clk 01:26:41]} {[%emt 00:00:27]} Rc8 {[%clk 01:19:03]}
{[%emt 00:06:40]} 12. Qb3 {[%clk 01:23:42]} {[%emt 00:03:27]} b4 {[%clk
01:14:43]} {[%emt 00:04:51]} 13. Na4 {[%clk 01:22:49]} {[%emt 00:01:24]} Bd5
{[%clk 01:12:32]} {[%emt 00:02:41]} 14. Qd1 {[%clk 01:22:58]} {[%emt 00:00:22]}
O-O {[%clk 01:09:38]} {[%emt 00:03:23]} 15. Nxc5 {[%clk 01:22:13]} {[%emt
00:01:15]} Nxc5 {[%clk 01:09:14]} {[%emt 00:00:54]} 16. Be3 {[%clk 01:21:15]}
{[%emt 00:01:28]} Qa5 {[%clk 01:07:00]} {[%emt 00:02:43]} 17. Bxc5 {[%clk
01:18:14]} {[%emt 00:03:32]} Rxc5 {[%clk 01:04:20]} {[%emt 00:03:10]} 18. a3
{[%clk 01:17:31]} {[%emt 00:01:13]} bxa3 {[%clk 00:50:47]} {[%emt 00:14:03]}
19. Rxa3 {[%clk 01:17:47]} {[%emt 00:00:15]} Qb6 {[%clk 00:50:12]} {[%emt
00:01:04]} 20. Qd4 {[%clk 01:11:50]} {[%emt 00:06:28]} Rfc8 {[%clk 00:41:40]}
{[%emt 00:09:01]} 21. h3 {[%clk 01:06:03]} {[%emt 00:06:18]} Bc4 {[%clk
00:35:23]} {[%emt 00:06:46]} 22. Re1 {[%clk 00:53:03]} {[%emt 00:13:30]} Rd8
{[%clk 00:34:40]} {[%emt 00:01:13]} 23. Qe3 {[%clk 00:50:43]} {[%emt 00:02:50]}
Nd5 {[%clk 00:34:15]} {[%emt 00:00:55]} 24. Qe4 {[%clk 00:49:27]} {[%emt
00:01:47]} a5 {[%clk 00:24:21]} {[%emt 00:10:24]} 25. Qh4 {[%clk 00:47:43]}
{[%emt 00:02:13]} Nf6 {[%clk 00:23:23]} {[%emt 00:01:29]} 26. Rc3 {[%clk
00:45:55]} {[%emt 00:02:18]} Bb5 {[%clk 00:18:28]} {[%emt 00:05:25]} 27. Rxc5
{[%clk 00:42:12]} {[%emt 00:04:14]} Qxc5 {[%clk 00:18:56]} {[%emt 00:00:01]}
28. Qf4 {[%clk 00:40:37]} {[%emt 00:02:04]} h6 {[%clk 00:15:24]} {[%emt
00:04:02]} 29. Rc1 {[%clk 00:39:19]} {[%emt 00:01:48]} Qb6 {[%clk 00:13:35]}
{[%emt 00:02:19]} 30. e3 {[%clk 00:37:48]} {[%emt 00:02:02]} Bc6 {[%clk
00:12:33]} {[%emt 00:01:31]} 31. Qe5 {[%clk 00:35:46]} {[%emt 00:02:32]} Qb7
{[%clk 00:11:45]} {[%emt 00:01:18]} 32. Nh4 {[%clk 00:33:50]} {[%emt 00:02:26]}
Bxg2 {[%clk 00:11:33]} {[%emt 00:00:43]} 33. Nxg2 {[%clk 00:34:18]} {[%emt
00:00:02]} Rd5 {[%clk 00:10:21]} {[%emt 00:01:42]} 34. Qc3 {[%clk 00:33:32]}
{[%emt 00:01:16]} Ne4 {[%clk 00:09:40]} {[%emt 00:01:11]} 35. Qc8+ {[%clk
00:29:45]} {[%emt 00:04:16]} Qxc8 {[%clk 00:10:09]} {[%emt 00:00:01]} 36. Rxc8+
{[%clk 00:30:08]} {[%emt 00:00:07]} Kh7 {[%clk 00:10:32]} {[%emt 00:00:07]} 37.
Rc2 {[%clk 00:29:33]} {[%emt 00:01:05]} Rd1+ {[%clk 00:10:06]} {[%emt
00:00:56]} 38. Kh2 {[%clk 00:30:02]} {[%emt 00:00:02]} Nd2 {[%clk 00:07:10]}
{[%emt 00:03:25]} 39. h4 {[%clk 00:22:26]} {[%emt 00:08:07]} g5 {[%clk
00:03:56]} {[%emt 00:03:44]} 40. g4 {[%clk 00:19:53]} {[%emt 00:03:03]} f5
{[%clk 00:01:14]} {[%emt 00:03:11]} 41. gxf5 {[%clk 00:13:57]} {[%emt
00:06:26]} Nf1+ {[%clk 00:26:10]} {[%emt 00:05:34]} 42. Kh3 {[%emt 00:00:58]}
exf5 {[%clk 00:25:40]} {[%emt 00:00:08]} 43. h5 {[%clk 00:37:36]} {[%emt
00:07:16]} Rd2 {[%clk 00:19:33]} {[%emt 00:06:35]} 44. Rxd2 {[%clk 00:35:40]}
{[%emt 00:02:27]} Nxd2 {[%clk 00:20:02]} {[%emt 00:00:01]} 45. Ne1 {[%clk
00:35:43]} {[%emt 00:00:27]} Kg7 {[%clk 00:19:53]} {[%emt 00:00:38]} 46. Nd3
{[%emt 00:00:40]} Kf6 {[%clk 00:19:32]} {[%emt 00:00:43]} 47. f4 {[%clk
00:34:42]} {[%emt 00:01:30]} Nc4 {[%clk 00:18:27]} {[%emt 00:01:34]} 48. fxg5+
{[%clk 00:33:59]} {[%emt 00:01:13]} Kxg5 {[%clk 00:17:26]} {[%emt 00:01:31]}
49. b3 {[%clk 00:33:49]} {[%emt 00:00:41]} Nxe3 {[%clk 00:17:06]} {[%emt
00:00:49]} 50. Kg3 {[%clk 00:34:14]} {[%emt 00:00:05]} Nc2 {[%clk 00:16:31]}
{[%emt 00:01:04]} 51. Nc5 {[%clk 00:34:21]} {[%emt 00:00:24]} Nd4 {[%clk
00:16:28]} {[%emt 00:00:33]} 52. Kf2 {[%clk 00:34:15]} {[%emt 00:00:36]} f4
{[%clk 00:16:25]} {[%emt 00:00:33]} 53. Kg2 {[%clk 00:32:28]} {[%emt 00:02:17]}
Kg4 {[%clk 00:15:32]} {[%emt 00:01:24]} 54. Kf2 {[%clk 00:32:52]} {[%emt
00:00:07]} Kxh5 {[%clk 00:15:41]} {[%emt 00:00:20]} 55. Nd3 {[%clk 00:33:17]}
{[%emt 00:00:05]} Kg4 {[%clk 00:15:13]} {[%emt 00:00:58]} 56. b4 {[%clk
00:33:27]} {[%emt 00:00:20]} a4 {[%clk 00:14:57]} {[%emt 00:00:46]} 57. Ne5+
{[%clk 00:33:31]} {[%emt 00:00:26]} Kf5 {[%clk 00:15:05]} {[%emt 00:00:22]} 58.
Nd3 {[%clk 00:33:43]} {[%emt 00:00:18]} a3 {[%clk 00:15:11]} {[%emt 00:00:24]}
59. Nc1 {[%clk 00:34:09]} {[%emt 00:00:04]} Ke4 {[%clk 00:15:13]} {[%emt
00:00:28]} 60. Na2 {[%clk 00:34:22]} {[%emt 00:00:17]} Kd3 {[%clk 00:15:14]}
{[%emt 00:00:29]} 0-1

[Event "Deutsche Ländermeisterschaft 2025"]
[Site "Oer-Erkenschwick GER"]
[Date "2025.10.02"]
[Round "3"]
[White "Yasmo, Daniil"]
[Black "Steger, Lukas Daniel"]
[Result "1-0"]
[Termination "normal"]
[Board "6.2"]
[WhiteElo "2095"]
[BlackElo "2081"]
[WhiteClock "00:16:21"]
[BlackClock "00:02:04"]
[WhiteTeam "Württemberg"]
[BlackTeam "Sachsen"]
[PlyCount "203"]
[WhiteFideId "14199165"]
[BlackFideId "3335151"]
[EventCountry "GER"]
[EventRounds "7"]
[EventType "team-swiss"]
[EventDate "2025.09.30"]

1. e4 {[%clk 01:30:59]} {[%emt 00:00:02]} c5 {[%clk 01:30:54]} {[%emt
00:00:06]} 2. Ne2 {[%clk 01:31:25]} {[%emt 00:00:04]} Nc6 {[%clk 01:29:32]}
{[%emt 00:01:52]} 3. c4 {[%clk 01:31:50]} {[%emt 00:00:06]} e5 {[%clk
01:25:39]} {[%emt 00:04:22]} 4. Nbc3 {[%clk 01:32:15]} {[%emt 00:00:05]} d6
{[%clk 01:21:01]} {[%emt 00:05:07]} 5. g3 {[%clk 01:31:39]} {[%emt 00:01:06]}
f5 {[%clk 01:11:42]} {[%emt 00:09:48]} 6. Bg2 {[%clk 01:29:49]} {[%emt
00:02:20]} Nf6 {[%clk 01:04:47]} {[%emt 00:07:26]} 7. d3 {[%clk 01:30:13]}
{[%emt 00:00:06]} Be7 {[%clk 01:01:04]} {[%emt 00:04:13]} 8. O-O {[%clk
01:30:36]} {[%emt 00:00:07]} O-O {[%clk 00:59:56]} {[%emt 00:01:39]} 9. exf5
{[%clk 01:25:29]} {[%emt 00:05:36]} Bxf5 {[%clk 00:59:09]} {[%emt 00:01:16]}
10. Bg5 {[%clk 01:25:56]} {[%emt 00:00:04]} Qd7 {[%clk 00:54:55]} {[%emt
00:04:44]} 11. Bxf6 {[%clk 01:22:34]} {[%emt 00:03:52]} Rxf6 {[%clk 00:51:47]}
{[%emt 00:03:38]} 12. Ne4 {[%clk 01:20:12]} {[%emt 00:02:52]} Rh6 {[%clk
00:47:51]} {[%emt 00:04:26]} 13. h4 {[%clk 01:20:38]} {[%emt 00:00:06]} Rf8
{[%clk 00:37:35]} {[%emt 00:10:46]} 14. Qd2 {[%clk 01:18:11]} {[%emt 00:02:57]}
Bg4 {[%clk 00:28:02]} {[%emt 00:10:03]} 15. Rae1 {[%clk 01:13:00]} {[%emt
00:05:40]} Bf3 {[%clk 00:19:03]} {[%emt 00:09:29]} 16. Bxf3 {[%clk 00:53:38]}
{[%emt 00:19:53]} Rxf3 {[%clk 00:19:23]} {[%emt 00:00:09]} 17. Kg2 {[%clk
00:54:07]} {[%emt 00:00:02]} Qg4 {[%clk 00:17:09]} {[%emt 00:02:43]} 18. Rh1
{[%clk 00:54:07]} {[%emt 00:00:29]} Nb4 {[%clk 00:12:08]} {[%emt 00:05:32]} 19.
Nc1 {[%clk 00:53:45]} {[%emt 00:00:52]} d5 {[%clk 00:06:10]} {[%emt 00:06:27]}
20. Qd1 {[%clk 00:49:04]} {[%emt 00:05:11]} dxe4 {[%clk 00:01:55]} {[%emt
00:04:47]} 21. Rxe4 {[%clk 00:49:19]} {[%emt 00:00:14]} Rxf2+ {[%clk 00:01:10]}
{[%emt 00:01:15]} 22. Kxf2 {[%clk 00:49:43]} {[%emt 00:00:05]} Qf5+ {[%clk
00:00:44]} {[%emt 00:00:56]} 23. Kg2 {[%clk 00:45:27]} {[%emt 00:04:46]} Rd6
{[%clk 00:01:08]} {[%emt 00:00:07]} 24. Qe2 {[%clk 00:42:24]} {[%emt 00:03:32]}
Nc6 {[%clk 00:01:02]} {[%emt 00:00:36]} 25. Nb3 {[%clk 00:40:21]} {[%emt
00:02:32]} b6 {[%clk 00:01:12]} {[%emt 00:00:21]} 26. Rf1 {[%clk 00:35:31]}
{[%emt 00:05:21]} Qd7 {[%clk 00:01:37]} {[%emt 00:00:05]} 27. Rf3 {[%clk
00:33:38]} {[%emt 00:02:22]} Bf6 {[%clk 00:01:38]} {[%emt 00:00:29]} 28. Qf1
{[%clk 00:32:33]} {[%emt 00:01:35]} h6 {[%clk 00:01:08]} {[%emt 00:01:00]} 29.
Rfe3 {[%clk 00:24:42]} {[%emt 00:08:22]} Nb4 {[%clk 00:01:10]} {[%emt
00:00:28]} 30. Nc1 {[%clk 00:24:17]} {[%emt 00:00:54]} Nc2 {[%clk 00:00:46]}
{[%emt 00:00:55]} 31. Re2 {[%clk 00:24:19]} {[%emt 00:00:29]} Nd4 {[%clk
00:00:50]} {[%emt 00:00:26]} 32. Rf2 {[%clk 00:24:19]} {[%emt 00:00:29]} Kh7
{[%clk 00:01:02]} {[%emt 00:00:18]} 33. Qd1 {[%clk 00:23:19]} {[%emt 00:01:30]}
Qc6 {[%clk 00:00:37]} {[%emt 00:00:56]} 34. Kh2 {[%clk 00:21:12]} {[%emt
00:02:37]} Ne6 {[%clk 00:00:38]} {[%emt 00:00:29]} 35. Qg4 {[%clk 00:19:18]}
{[%emt 00:02:23]} Nd4 {[%clk 00:00:42]} {[%emt 00:00:27]} 36. b3 {[%clk
00:18:14]} {[%emt 00:01:34]} Qa8 {[%clk 00:00:46]} {[%emt 00:00:25]} 37. Qh3
{[%clk 00:14:36]} {[%emt 00:04:08]} Qd8 {[%clk 00:00:57]} {[%emt 00:00:19]} 38.
Qg4 {[%clk 00:13:04]} {[%emt 00:02:01]} Rd7 {[%clk 00:00:45]} {[%emt 00:00:42]}
39. Re3 {[%clk 00:13:07]} {[%emt 00:00:27]} Kh8 {[%clk 00:00:38]} {[%emt
00:00:36]} 40. Qe4 {[%clk 00:12:22]} {[%emt 00:01:15]} Rd6 {[%clk 00:00:38]}
{[%emt 00:00:31]} 41. Rd2 {[%clk 00:11:10]} {[%emt 00:01:42]} Qd7 {[%clk
00:27:10]} {[%emt 00:03:58]} 42. Ne2 {[%clk 00:38:20]} {[%emt 00:03:20]} Nxe2
{[%clk 00:27:14]} {[%emt 00:00:27]} 43. Rexe2 {[%clk 00:36:27]} {[%emt
00:02:23]} Rd4 {[%clk 00:27:09]} {[%emt 00:00:34]} 44. Qf3 {[%clk 00:35:58]}
{[%emt 00:00:58]} Qd8 {[%clk 00:26:06]} {[%emt 00:01:34]} 45. Re4 {[%clk
00:36:09]} {[%emt 00:00:19]} Rd6 {[%clk 00:25:54]} {[%emt 00:00:43]} 46. Rg4
{[%clk 00:34:33]} {[%emt 00:02:06]} Rd7 {[%clk 00:25:37]} {[%emt 00:00:46]} 47.
Qf5 {[%clk 00:33:01]} {[%emt 00:02:02]} Rd6 {[%clk 00:25:12]} {[%emt 00:00:55]}
48. Qf3 {[%clk 00:31:38]} {[%emt 00:01:52]} Rd7 {[%clk 00:24:47]} {[%emt
00:00:56]} 49. a3 {[%clk 00:30:29]} {[%emt 00:01:39]} a5 {[%clk 00:23:26]}
{[%emt 00:01:51]} 50. Kg2 {[%clk 00:28:54]} {[%emt 00:02:05]} Rd6 {[%clk
00:23:12]} {[%emt 00:00:44]} 51. Re4 {[%clk 00:28:31]} {[%emt 00:00:53]} Qd7
{[%clk 00:22:30]} {[%emt 00:01:12]} 52. Qg4 {[%clk 00:27:29]} {[%emt 00:01:32]}
Qd8 {[%clk 00:22:25]} {[%emt 00:00:35]} 53. Re3 {[%clk 00:26:04]} {[%emt
00:01:55]} Rd4 {[%clk 00:22:29]} {[%emt 00:00:26]} 54. Qf5 {[%clk 00:26:17]}
{[%emt 00:00:16]} Qa8+ {[%clk 00:20:52]} {[%emt 00:02:07]} 55. Re4 {[%clk
00:25:57]} {[%emt 00:00:50]} Rd6 {[%clk 00:20:49]} {[%emt 00:00:33]} 56. Kh3
{[%clk 00:24:19]} {[%emt 00:02:08]} Qd8 {[%clk 00:20:56]} {[%emt 00:00:24]} 57.
Re3 {[%clk 00:23:09]} {[%emt 00:01:39]} Rd4 {[%clk 00:19:48]} {[%emt 00:01:39]}
58. Kg2 {[%clk 00:22:20]} {[%emt 00:01:18]} Qa8+ {[%clk 00:19:59]} {[%emt
00:00:19]} 59. Kg1 {[%clk 00:22:17]} {[%emt 00:00:33]} Qd8 {[%clk 00:18:51]}
{[%emt 00:01:38]} 60. Rf3 {[%clk 00:21:01]} {[%emt 00:01:47]} Qa8 {[%clk
00:14:26]} {[%emt 00:04:55]} 61. Re2 {[%clk 00:19:59]} {[%emt 00:01:32]} Qd8
{[%clk 00:11:08]} {[%emt 00:03:49]} 62. Kg2 {[%clk 00:20:09]} {[%emt 00:00:20]}
Qa8 {[%clk 00:10:37]} {[%emt 00:01:02]} 63. Kh2 {[%clk 00:19:10]} {[%emt
00:01:28]} Qd8 {[%clk 00:06:54]} {[%emt 00:04:13]} 64. Kh3 {[%clk 00:19:33]}
{[%emt 00:00:07]} Kg8 {[%clk 00:04:18]} {[%emt 00:03:06]} 65. g4 {[%clk
00:18:34]} {[%emt 00:01:29]} Rd6 {[%clk 00:03:41]} {[%emt 00:01:07]} 66. g5
{[%clk 00:15:25]} {[%emt 00:03:39]} hxg5 {[%clk 00:04:05]} {[%emt 00:00:06]}
67. hxg5 {[%clk 00:15:49]} {[%emt 00:00:06]} Bxg5 {[%clk 00:04:23]} {[%emt
00:00:13]} 68. Qxe5 {[%clk 00:15:32]} {[%emt 00:00:47]} Qd7+ {[%clk 00:01:04]}
{[%emt 00:03:49]} 69. Kg3 {[%clk 00:14:38]} {[%emt 00:01:24]} Bf6 {[%clk
00:00:48]} {[%emt 00:00:46]} 70. Qe8+ {[%clk 00:13:28]} {[%emt 00:01:39]} Qxe8
{[%clk 00:01:13]} {[%emt 00:00:06]} 71. Rxe8+ {[%clk 00:13:54]} {[%emt
00:00:04]} Kf7 {[%clk 00:01:41]} {[%emt 00:00:03]} 72. Re2 {[%clk 00:13:56]}
{[%emt 00:00:27]} Re6 {[%clk 00:00:36]} {[%emt 00:01:36]} 73. Rxe6 {[%clk
00:12:37]} {[%emt 00:01:49]} Kxe6 {[%clk 00:01:01]} {[%emt 00:00:05]} 74. Kf4
{[%clk 00:13:00]} {[%emt 00:00:06]} Bb2 {[%clk 00:01:08]} {[%emt 00:00:23]} 75.
a4 {[%clk 00:12:05]} {[%emt 00:01:25]} Bd4 {[%clk 00:01:03]} {[%emt 00:00:35]}
76. Rh3 {[%clk 00:12:04]} {[%emt 00:00:30]} Bc3 {[%clk 00:01:01]} {[%emt
00:00:33]} 77. Rh5 {[%clk 00:12:20]} {[%emt 00:00:13]} Kd6 {[%clk 00:00:39]}
{[%emt 00:00:52]} 78. Rd5+ {[%clk 00:12:38]} {[%emt 00:00:12]} Kc6 {[%clk
00:00:42]} {[%emt 00:00:27]} 79. Kf5 {[%clk 00:13:03]} {[%emt 00:00:05]} Bb2
{[%clk 00:00:57]} {[%emt 00:00:15]} 80. Ke6 {[%clk 00:13:27]} {[%emt 00:00:05]}
Bf6 {[%clk 00:01:04]} {[%emt 00:00:23]} 81. Rf5 {[%clk 00:13:43]} {[%emt
00:00:15]} Bc3 {[%clk 00:00:48]} {[%emt 00:00:45]} 82. Rg5 {[%clk 00:14:08]}
{[%emt 00:00:05]} Bb2 {[%clk 00:00:49]} {[%emt 00:00:30]} 83. Rg4 {[%clk
00:13:29]} {[%emt 00:01:09]} Ba1 {[%clk 00:00:59]} {[%emt 00:00:20]} 84. Kf5
{[%clk 00:13:21]} {[%emt 00:00:38]} Bb2 {[%clk 00:01:03]} {[%emt 00:00:26]} 85.
Rg6+ {[%clk 00:13:43]} {[%emt 00:00:08]} Kc7 {[%clk 00:01:09]} {[%emt
00:00:25]} 86. Ke4 {[%clk 00:14:07]} {[%emt 00:00:05]} Bd4 {[%clk 00:01:16]}
{[%emt 00:00:23]} 87. Kd5 {[%clk 00:14:28]} {[%emt 00:00:10]} Bf6 {[%clk
00:01:04]} {[%emt 00:00:41]} 88. Rg3 {[%clk 00:14:21]} {[%emt 00:00:36]} Kd7
{[%clk 00:01:13]} {[%emt 00:00:22]} 89. Re3 {[%clk 00:14:40]} {[%emt 00:00:09]}
Be7 {[%clk 00:00:33]} {[%emt 00:01:11]} 90. Re5 {[%clk 00:13:58]} {[%emt
00:01:11]} Bf6 {[%clk 00:00:43]} {[%emt 00:00:21]} 91. Re6 {[%clk 00:13:58]}
{[%emt 00:00:30]} Kc7 {[%clk 00:00:34]} {[%emt 00:00:39]} 92. Rc6+ {[%clk
00:14:02]} {[%emt 00:00:26]} Kb7 {[%clk 00:00:52]} {[%emt 00:00:12]} 93. Kd6
{[%clk 00:14:23]} {[%emt 00:00:09]} Be5+ {[%clk 00:00:42]} {[%emt 00:00:41]}
94. Kd7 {[%clk 00:14:48]} {[%emt 00:00:05]} g5 {[%clk 00:00:39]} {[%emt
00:00:33]} 95. Rg6 {[%clk 00:15:10]} {[%emt 00:00:08]} Bf4 {[%clk 00:01:00]}
{[%emt 00:00:07]} 96. Rg7 {[%clk 00:15:38]} {[%emt 00:00:04]} Be3 {[%clk
00:00:41]} {[%emt 00:00:49]} 97. Kd6+ {[%clk 00:16:01]} {[%emt 00:00:08]} Ka6
{[%clk 00:01:02]} {[%emt 00:00:08]} 98. Kc6 {[%clk 00:15:43]} {[%emt 00:00:47]}
Bd2 {[%clk 00:01:03]} {[%emt 00:00:30]} 99. Rb7 {[%clk 00:15:15]} {[%emt
00:00:57]} g4 {[%clk 00:01:12]} {[%emt 00:00:21]} 100. Rxb6+ {[%clk 00:15:41]}
{[%emt 00:00:05]} Ka7 {[%clk 00:01:40]} {[%emt 00:00:02]} 101. Rb7+ {[%clk
00:16:05]} {[%emt 00:00:06]} Ka6 {[%clk 00:02:04]} {[%emt 00:00:06]} 102. Rg7
{[%clk 00:16:21]} {[%emt 00:00:12]} 1-0